Search the Library Catalogue
| 000 -LEADER | |
|---|---|
| fixed length control field | 01326nam a22001817a 4500 |
| 008 - FIXED-LENGTH DATA ELEMENTS--GENERAL INFORMATION | |
| fixed length control field | 260314b |||||||| |||| 00| 0 eng d |
| 020 ## - INTERNATIONAL STANDARD BOOK NUMBER | |
| ISBN | 9780199282081 |
| Paper back/Hardbound | hbk |
| 041 ## - LANGUAGE CODE | |
| Language code of text/sound track or separate title | eng |
| 082 ## - DEWEY DECIMAL CLASSIFICATION NUMBER | |
| Classification number | 188 |
| Item number | FIT |
| 100 ## - MAIN ENTRY--AUTHOR NAME | |
| Personal name | Fitch John G. |
| 245 ## - TITLE STATEMENT | |
| Title | Seneca (Oxford Readings in Classical Studies) |
| Statement of responsibility, etc | /John G. Fitch |
| 260 ## - PUBLICATION, DISTRIBUTION, ETC. (IMPRINT) | |
| Name of publisher | Oxford Univ Pr on Demand |
| Year of publication | 2008. |
| 300 ## - PHYSICAL DESCRIPTION | |
| Number of Pages | 438p,; |
| Dimensions | 20 cm. |
| 504 ## - BIBLIOGRAPHY, ETC. NOTE | |
| Bibliography, etc | Includes index |
| 520 ## - SUMMARY, ETC. | |
| Summary, etc | Seneca was a man of many facets: statesman, dramatist, philosopher, prose stylist. His life was marked by extremes of fortune - extremes that are reflected in much of his writing, and in the vicissitudes of his reputation in later centuries. This volume brings together some outstanding essays written about him over the past four decades, and illustrates the diversity of approaches by which modern critics have attempted to understand this multifaceted figure. Just as Seneca's writings often reflect his times, so current critical approaches often reflect issues in contemporary thought and society. Several of the essays have been revised by their authors for this volume, and two of them are translated for the first time. A new introduction places the articles within the context of recent academic thought and criticism. All Latin has been translated. |
| 942 ## - ADDED ENTRY ELEMENTS (KOHA) | |
| Koha item type | Reference |
| Withdrawn status | Lost status | Damaged status | Not for loan | Home library | Current library | Shelving location | Date acquired | Full call number | Accession Number | Price effective from | Koha item type |
|---|---|---|---|---|---|---|---|---|---|---|---|
| Anna Centenary Library | Anna Centenary Library | 3RD FLOOR, A WING | 14.03.2026 | 188 FIT | 259957 | 14.03.2026 | Reference |